000 00762nam a22002297a 4500
003 UA-OsUOA
001 123809
007 ta
008 20170711b un ||||| |||| 00| 0 ukr d
100 _aНригораш Т. Ф.
700 _aЗінченко О. М.
090 _a330(477)
_bН86
942 _cSA
040 _aUA-OsUOA
_bukr
_cUA-OsUOA
_dUA-OsUOA
245 _aЗалучення власного капіталу на іноземних фондових ринках через ІРО підприємствами України
300 _aС.35-40
955 _a0
041 _aukr
080 _a330(477)
773 0 _w123804
_tЕкономіка. Фінанси. Право.
_dК.
_d2017
_g5
650 7 _a330 Економіка взагалі
_2UDC
999 _c410968
_d410968